000 00426nam a2200157Ia 4500
008 240729s9999 xx 000 0 und d
022 _a1349-0486
245 4 _aThe Journal of Poultry Science
260 _aJapan
260 _bJapan Poultry Science Association
650 _a Animal culture
650 _aAgriculture
856 _uhttps://doaj.org/toc/361d86ab7fe84cbc943c4d50dbefdab4
942 _2ddc
942 _cDOAJEJ
999 _c69497
_d69497
945 _a1
_bMadushi Gamage
_c1
_dMadushi Gamage